| 000 | 00860nam0a22002651 4500 | ||
|---|---|---|---|
| 001 | rc\221174 | ||
| 005 | 20250630144332.0 | ||
| 035 | _a(NLR Aleph) 008750127 | ||
| 090 |
_a7802263 _c7802263 |
||
| 100 | _a20030307d1991 |||y0rusy50 ca | ||
| 101 | 0 | _arus | |
| 102 | _aRU | ||
| 105 | _ay ||||||||| | ||
| 200 | 1 |
_aЗагадка гениальности _fВ.П. Эфроимсон, д. б. н. |
|
| 210 |
_aМ. _cЗнание _d1991 |
||
| 215 |
_a64 с. _d20 |
||
| 225 | 1 |
_aНовое в жизни, науке _iСерия "Культура и религия" _vN1 |
|
| 606 | 1 |
_aГениальность _2nlr_sh1 |
|
| 700 | 1 |
_aЭфроимсон _bВ.П. _f1908-1989 _gВладимир Павлович |
|
| 801 | 0 |
_aRU _bNLR _gpsbo |
|
| 801 | 1 |
_aRU _bELAR _2rusmarc |
|
| 801 | 2 |
_aRU _bNLR _c20050526 _2rusmarc |
|
| 852 |
_aNLR _j90-4/18584 |
||
| 942 | _cBOOK | ||
| 980 | _aNB | ||